Name all goalscorers in Brazil 1-7 Germany - Statistics

General Stats
  • This quiz has been taken 38 times
  • The average score is 7 of 8
Answer Stats
Hint Answer % Correct
0-1 Thomas Müller
100%
0-6 Andre Schürrle
88%
0-7 Andre Schürrle
88%
0-2 Miroslav Klose
88%
1-7 Oscar
78%
0-5 Sami Khedira
78%
0-3 Toni Kroos
75%
0-4 Toni Kroos
75%
No matching quizzes found
Score Distribution
Percent of People with Each Score
Percentile by Number Answered
Your Score History
You have not taken this quiz